Príčiny neúspechov aplikácie zmeny v podniku
Chyby v manažmente zmien v podniku, ktorých je potrebné sa vyvarovať.
Salvato in:
| Autore principale: | |
|---|---|
| Natura: | Capitolo di libro |
| Lingua: | slovacco |
| Soggetti: | |
| Tags: |
Nessun Tag, puoi essere il primo ad aggiungerne!!
|
MARC
| LEADER | 00000naa a2200000 4500 | ||
|---|---|---|---|
| 001 | 0161963 | ||
| 005 | 20231120123900.5 | ||
| 041 | 0 | |a slo | |
| 044 | |a SK | ||
| 245 | 1 | 0 | |a Príčiny neúspechov aplikácie zmeny v podniku |c Dagmar Hrášková |
| 520 | |a Chyby v manažmente zmien v podniku, ktorých je potrebné sa vyvarovať. | ||
| 610 | 2 | 0 | |a podnik |
| 610 | 2 | 0 | |a zmeny organizačné |
| 610 | 2 | 0 | |a procesy podnikové |
| 610 | 2 | 0 | |a manažéri |
| 610 | 2 | 0 | |a riadenie zmien |
| 100 | 1 | |a Hrášková, Dagmar | |